| 000 | 00000nam##2200000za#4500 |
| 001 | 9.640460 |
| 003 | CaOODSP |
| 005 | 20230117132343 |
| 007 | cr ||||||||||| |
| 008 | 150407|2000||||xxc|||||o f|0| 0 fre|d |
| 040 | |aCaOODSP|bfre |
| 043 | |an-cn--- |
| 086 | 1 |aJL2-9/2000F-PDF |
| 110 | 2 |aCommission du droit du Canada. |
| 245 | 13|aLa législation en question : |h[ressource électronique]|bmémoires du concours Perspectives juridiques 1999 |
| 260 | |aOttawa - Ontario : |bCommission du droit du Canada |c[2000]. |
| 300 | |a281p.|bréférences, tableaux |
| 500 | |a«Les textes de ce recueil ont été préparé dans le cadre du concours « Perspectives juridiques 1999 » parrainé par la Commission du droit du Canada, l'Association canadienne des professeurs et professeures de droit, l'Association Canadienne Droit et Société et le Conseil canadien des doyens et doyennes des facultés de droit.»--p. 1 de 281. -- Le n° de catalogue (JL2-9/2000F) et l'ISBN (0-662-84443-2) de l'édition imprimée ont été incorrectement copiés dans l'édition électronique. |
| 590 | |a12-28-Supp|b2012-06-15 |
| 691 | 07|aLégislation|2gcpds |
| 775 | 08|tPerspectives on legislation : |w(CaOODSP)9.696343 |
| 776 | 0#|tLa législation en question : |w(CaOODSP)9.681056 |
| 856 | 40|ahttp://publications.gc.ca|qPDF|s1.18 Mo|uhttps://publications.gc.ca/collections/Collection/JL2-9-2000F.pdf |